000 01127nam a22002177a 4500
005 20251002182758.0
008 240404b ||||| |||| 00| 0 eng d
082 _aDPer 621.317 Ie21 October 2022 v. 37 n. 10
100 _aNiewiadomski, Karol.
_eauthor.
_956000
245 _aComparative analysis of deterministic and random modulations based on mathematical models of transmission errors in series communication /
_cKarol Niewiadomski, Robert Smolenski, Piotr Lezynski, Jacek Bojarski, David W. P. Thomas, and Frede Blaabjerg.
260 _aNew York ;
_bThe Institute of Electrical and Electronics Engineers, Inc. ,
_cOctober 2022.
300 _aVolume 37, pages 11985-11995 :
_billustration ;
_c28 cm.
500 _aIEEE Transactions on Power Electronics, v. 37, n. 10, pages 11985-11995, October 2022.
700 _aNiewiadomski, Karol.
_eauthor.
_956000
700 _aSmolenski, Robert.
_eauthor.
_956001
700 _aLezynski, Piotr.
_eauthor.
_956002
700 _aBojarski, Jacek.
_eauthor.
_956003
700 _aThomas, David W. P.
_eauthor.
_956004
700 _aBlaabjerg, Frede.
_eauthor.
_956005
942 _2ddc
_cPER
999 _c20003
_d20003